Statistiques concernant Villes d'Europe qui ont été des préfectures françaises

Cliquez ici pour prendre le quiz!

Statistiques générales

  • Ce quiz a été pris 118 fois
  • Le résultat moyen est 16 sur 52

Statistiques - réponses

Nom du département Dates Préfecture % Correct
Dyle1795-1814Bruxelles
88%
Rome1809-1814Rome
86%
Gênes1805-1814Gênes
84%
Po1802-1814Turin
81%
Zuyderzée1811-1814Amsterdam
78%
Ourthe1795-1814Liège
75%
Léman1798-1815Genève
74%
Deux-Nèthes1795-1814Anvers
71%
Bouches-de-l'Ebre-Montserrat1813-1814Barcelone
68%
Montserrat1812-1813Barcelone
68%
Arno1808-1814Florence
66%
Lys1795-1814Bruges
58%
Forêts1795-1814Luxembourg
53%
Roer1798-1814Aix-la-Chapelle
52%
Sambre-et-Meuse1795-1814Namur
51%
Bouches-de-la-Meuse1811-1814La Haye
49%
Bouches-de-l'Elbe1811-1814Hambourg
44%
Escaut1795-1814Gand
44%
Jemmapes1793-1814Mons
34%
Corcyre1797-1802Corfou
21%
Rhin-et-Moselle1798-1814Coblence
21%
Meuse-Inférieure1795-1814Maastricht
19%
Taro1808-1814Parme
19%
Ombrone1808-1814Sienne
19%
Mont-Tonnerre1798-1814Mayence
19%
Ems-Occidental1811-1814Groningue
19%
Sarre1798-1814Trèves
18%
Simplon1810-1814Sion
18%
Ter1812-1813Gérone
16%
Sègre-Ter1813-1814Gérone
16%
Méditerranée1808-1814Livourne
14%
Tanaro1802-1805Asti
12%
Stura1802-1814Coni
10%
Marengo1802-1814Alexandrie
10%
Bouches-du-Rhin1810-1814Bois-le-Duc
9%
Lippe1811-1814Münster
9%
Yssel-Supérieur1811-1814Arnhem
8%
Bouches-de-l'Ebre1812-1813Lerida
8%
Frise1811-1814Leeuwarden
8%
Montenotte1805-1814Savone
8%
Ems-Oriental1811-1814Aurich
5%
Mer-Egée1797-1802Zante
5%
Sésia1802-1814Verceil
5%
Ems-Supérieur1811-1814Osnabrück
5%
Bouches-du-Weser1811-1814Brêmes
5%
Doire1802-1814Ivrée
5%
Bouches-de-l'Yssel1811-1814Zwolle
5%
Ithaque1797-1802Argostoli
4%
Trasimène1809-1814Spolète
4%
Bouches-de-l'Escaut1810-1814Middelbourg
4%
Apennins1805-1814Chiavari
4%
Sègre1812-1813Puigcerda
4%

Distribution des résultats

Percentile by Number Answered

% des personnes avec chaque résultat

Votre développement - résultats

Vous n’avez pas pris ce quiz